1765 1422 1552 1373 1071 1112 1558 1312 1505 1026 1339 1286 1551 1692 1178 1993 1855 1248 1280 1031 1019 1148 1136 1212 1974 1754 1663 1033 1478 1826 1057 1599 1234 1318 1468 1865 1493 1064 1473 1270 1516 1760 1064 1393 1519 1198 1038 1488 1644 1786 1155 1600 1664 1278 1941 1583 1573 1637 1135 1178 1248 1231 1173 1558 1526 1929 1995 1330 1192 1795 1157 1590 1721 1366 1256 1511 1921 1790 1462 1911 1693 1669 1367 1345 1609 1692 1518 1496 1509 1094 1407 1268 1348 1422 1407 1797 1172 1787 1466 BCNSPRNW ULIB Ver.6.0+V

เปลี่ยนเป็นภาษาไทย

Change to English
 แสดงรายละเอียดบรรณานุกรม
  กลับหน้าหลัก

Brief Record : Get Marc (ISO 2709) : E-mail record : QR code < ปิดหน้าต่าง
LEADER : 00000nam 2200000uu 4500
001    13399112543
003     ULIB
008    110823s2553||||th 000 0 tha d
020    9786167081373
090    นว.^bม164ก 2553
100 0  มนัส
245 00 กลรักมายาใจ/^cมนัส
250    พิมพ์ครั้งที่ 1
260    กรุงเทพฯ :^bSMART BOOK,^c2553
300    203 หน้า
710 1  SMART BOOK
945    ^p150^l0^i17068
995    กัณชพร
999     ^aใช้งานได้ทุกระบบ
รายการนี้ยังไม่มีแท็ก
คุณยังไม่ได้ล็อกอิน คุณสามารถมีกิจกรรมร่วมกับเว็บไซต์ได้ แต่ต้องล็อกอินก่อน ::
  ล็อกอิน

รายการสื่อสารสนเทศ

ลำดับที่ ประเภท เลขเรียก/บาร์โค้ด สถานที่ สถานะ
1. นวนิยาย
นวนิยาย
นว. ม164ก 2553  
  Barcode: 17068
ห้องสมุดวิทยาเขตสวรรค์ประชารักษ์
►นวนิยาย
บนชั้น
  ขอยืม

รายการใกล้เคียง
    ผู้แต่ง [มนัส]

BibComment


ยังไม่เคยถูกคอมเมนท์

คอมเมนท์ทรัพยากรรายการนี้
  คอมเมนท์: กลรักมายาใจ มนัส


 Copyright 2026. Bcnsprnw @Library